Spanish 5000 (7/10) - Statistics

General Stats
  • This quiz has been taken 24 times
  • The average score is 220 of 501
Answer Stats
English Spanish % Correct
goodbye adiós
100%
forest bosque
100%
complication complicación
100%
to understand comprender
100%
decision decisión
100%
to have breakfast desayunar
100%
sweet dulce
100%
electric eléctrico
100%
element elemento
100%
Spanish español
100%
stadium estadio
100%
future futuro
100%
ice hielo
100%
ingredient ingrediente
100%
to go ir
100%
island isla
100%
soap jabón
100%
sea mar
100%
me (obj) me
100%
eye ojo
100%
option, choice opción
100%
to pass, spend (time) pasar
100%
foot, base pie
100%
plan plan
100%
popular popular
100%
by, for, through por
100%
to prefer preferir
100%
red rojo
100%
Saturday sábado
100%
all, every todo
100%
to use usar
100%
area, zone zona
100%
boring, bored aburrido
89%
activity, action actividad
89%
there, over there allí
89%
angel ángel
89%
rice arroz
89%
cooperation cooperación
89%
to decide decidir
89%
sport deporte
89%
December diciembre
89%
distance distancia
89%
domestic doméstico
89%
to educate educar
89%
emotion, excitement emoción
89%
emotional emocional
89%
error, mistake error
89%
back (body) espalda
89%
exotic exótico
89%
foreigner extranjero
89%
federal federal
89%
party, feast fiesta
89%
strong fuerte
89%
winner ganador
89%
general general
89%
to generate generar
89%
initial inicial
89%
ironic, mocking irónico
89%
legislation legislación
89%
mental mental
89%
Wednesday miércoles
89%
modest, humble modesto
89%
grandchild nieto
89%
to happen, occur ocurrir
89%
organized organizado
89%
autumn otoño
89%
pair, couple (m), a la p.: at same time par
89%
for, to, in order to para
89%
duck pato
89%
to lose, miss perder
89%
product producto
89%
rational racional
89%
to reserve, book reservar
89%
dry, arid seco
89%
hat, sombrero sombrero
89%
tragedy tragedia
89%
useful útil
89%
summer verano
89%
vibration vibración
89%
lunch almuerzo
78%
sugar azúcar
78%
capitalism capitalismo
78%
to dine cenar
78%
girl, female chica
78%
scientific científico
78%
fifty cincuenta
78%
collection colección
78%
comic cómico
78%
complicated, complex complicado
78%
communism comunismo
78%
to confirm confirmar
78%
conservation conservación
78%
delicious, delightful, charming delicioso
78%
desert desierto
78%
devotion devoción
78%
day día
78%
dynasty dinastía
78%
disc, disk, record disco
78%
elimination eliminación
78%
to enter entrar
78%
evolution, development evolución
78%
exception excepción
78%
FALSE falso
78%
formal, polite formal
78%
today, nowadays hoy
78%
impotence impotencia
78%
intention intención
78%
morning, tomorrow mañana
78%
market mercado
78%
honey miel
78%
boyfriend, groom novio
78%
our nuestro
78%
passive pasivo
78%
little, small, young pequeño
78%
pilot, driver piloto
78%
pole, polo, polo shirt polo
78%
Portuguese portugués
78%
to ask (a question) preguntar
78%
probable probable
78%
public público
78%
mouse, rat ratón
78%
royal, real, authentic real
78%
Mrs., lady, madam señora
78%
severe severo
78%
sincere sincero
78%
nephew sobrino
78%
roof techo
78%
therapy terapia
78%
terminal, final terminal
78%
travel, trip viaje
78%
old, aged viejo
78%
admirable admirable
67%
adolescent adolescente
67%
that (over there) aquel
67%
flag bandera
67%
conflict conflicto
67%
congress congreso
67%
correctly correctamente
67%
weak débil
67%
nude, naked desnudo
67%
efficiency eficiencia
67%
exercise, practice ejercicio
67%
employee empleado
67%
entity, being, firm ente
67%
so, then entonces
67%
exclusive exclusivo
67%
export, exportation exportación
67%
to fascinate fascinar
67%
fortune, fate fortuna
67%
photographic fotográfico
67%
horror, atrocity horror
67%
impunity impunidad
67%
incredible, unbelievable increíble
67%
legally legalmente
67%
badly mal
67%
child, young girl niña
67%
palm tree, palm palma
67%
to stop (moving) parar
67%
to allow, permit permitir
67%
fisherman pescador
67%
(alive) fish pez
67%
potent, powerful potente
67%
process, procedure proceso
67%
productivity productividad
67%
progressive progresivo
67%
that, which que
67%
recommendation recomendación
67%
gift, present regalo
67%
clock, watch reloj
67%
rest, remainder, leftover resto
67%
weekly semanal
67%
terror, horror terror
67%
totally, completely totalmente
67%
Turkish turco
67%
vehicle, car vehículo
67%
to vibrate, tremble vibrar
67%
to rent, hire alquilar
56%
mustache bigote
56%
blog blog
56%
calendar calendario
56%
case, occasion caso
56%
conclusion, end conclusión
56%
mail, post (office) correo
56%
to take care of cuidar
56%
to determine, decide determinar
56%
divine divino
56%
to elevate, raise elevar
56%
pregnant embarazada
56%
equivalent equivalente
56%
existence, life existencia
56%
expedition expedición
56%
strange, foreign extraño
56%
feminine, female femenino
56%
governor gobernador
56%
hymn, anthem himno
56%
illusion, hope, dream ilusión
56%
to illustrate ilustrar
56%
to imagine imaginar
56%
unhappy, unfortunate infeliz
56%
innocent, naïve inocente
56%
side lado
56%
tear, teardrop lágrima
56%
judge, magistrate magistrado
56%
to bite morder
56%
panorama, landscape panorama
56%
package, packet paquete
56%
oil, petroleum petróleo
56%
skin, hide, fur piel
56%
politician político
56%
to predominate predominar
56%
prevention, warning prevención
56%
primary primario
56%
protagonist, main character protagonista
56%
perhaps, maybe quizás
56%
rule, ruler, regulation regla
56%
resurrection resurrección
56%
wild, savage, uncultivated salvaje
56%
sequence secuencia
56%
technique, skill técnica
56%
storm tormenta
56%
use, utilization utilización
56%
twenty-four veinticuatro
56%
hug, embrace abrazo
44%
alliance alianza
44%
altar altar
44%
before, in the presence of ante
44%
seat, chair asiento
44%
to attract atraer
44%
dancer bailarín
44%
key clave
44%
consecutive consecutivo
44%
to converse, talk conversar
44%
decorated decorado
44%
name, denomination denominación
44%
goddess diosa
44%
to distinguish distinguir
44%
painful doloroso
44%
to edit, publish, release editar
44%
stairs, ladder escalera
44%
essentially esencialmente
44%
space, room espacio
44%
strategic estratégico
44%
liver hígado
44%
to intervene intervenir
44%
to irritate irritar
44%
protest, manifestation manifestación
44%
marble mármol
44%
standard, pattern, norm norma
44%
offensive, attack ofensiva
44%
pride orgullo
44%
to penetrate, come in penetrar
44%
peso (money), weight, load peso
44%
plane, map, level plano
44%
percentage porcentaje
44%
rebellion rebelión
44%
recently, just recién
44%
respiration, breath respiración
44%
salvation, rescue salvación
44%
service, helpfulness servicio
44%
tension, stress, strain tensión
44%
you (subj-pl/+fam) vosotros
44%
vulgar, common, banal vulgar
44%
to act actuar
33%
to accuse acusar
33%
adequate, suitable adecuado
33%
environmental ambiental
33%
that over there (n) aquello
33%
automobile automóvil
33%
chimney, fireplace chimenea
33%
to circulate, go around, flow circular
33%
competent, able competente
33%
concentration, gathering concentración
33%
known, well-known conocido
33%
contemporary contemporáneo
33%
continuation, follow-up continuación
33%
to hire, contract contratar
33%
mountain range cordillera
33%
to correspond with corresponder
33%
square cuadrado
33%
worship, cult culto
33%
demonstration demostración
33%
to show, demonstrate demostrar
33%
to last durar
33%
genius, disposition genio
33%
fact, happening hecho
33%
to impart, administer impartir
33%
independent, self-sufficient independiente
33%
of children, childlike, infantile infantil
33%
flood, deluge inundación
33%
to limit limitar
33%
metaphor metáfora
33%
to deny, refuse negar
33%
nocturnal, evening nocturno
33%
to occupy, use ocupar
33%
orbit, socket, field órbita
33%
dove paloma
33%
shepherd, pastor pastor
33%
journalist periodista
33%
poetry, poem poesía
33%
prize, reward premio
33%
to promise prometer
33%
magazine, journal revista
33%
to take out sacar
33%
satisfactory satisfactorio
33%
century, age siglo
33%
to sound, ring sonar
33%
ground, floor suelo
33%
cup, bowl taza
33%
nice, pleasant agradable
22%
farmer agricultor
22%
student, pupil alumno
22%
to attend asistir
22%
back, behind, ago atrás
22%
even (though), still aun
22%
sweep, clean out barrer
22%
welcome, greeting bienvenida
22%
joke broma
22%
road, route, path camino
22%
coherent, connected coherente
22%
collaborator colaborador
22%
complement, supplement complemento
22%
to grant, concede conceder
22%
to reach, contact contactar
22%
notebook, workbook cuaderno
22%
harm, injury, damage daño
22%
to disappear, vanish desaparecer
22%
to unleash, unload descargar
22%
design diseño
22%
executive, manager ejecutivo
22%
scarce, very little escaso
22%
state, government-owned estatal
22%
exquisite, superb exquisito
22%
to extend, spread extender
22%
fatigue fatiga
22%
district attorney, prosecutor fiscal
22%
wounded (person) herido
22%
impulse, momentum impulso
22%
inclusion, incorporation incorporación
22%
license, permission licencia
22%
bright, luminous luminoso
22%
edge, margin, border, brink margen
22%
maritime, marine marítimo
22%
measure, a m. que: to the extent medida
22%
darkness oscuridad
22%
payment pago
22%
to bite, sting, itch picar
22%
pleasure placer
22%
advertising, publicity publicidad
22%
round redondo
22%
prerequisite, requirement requisito
22%
return retorno
22%
romance romance
22%
simple, mere, simple-minded simple
22%
cover, lid tapa
22%
temporary temporal
22%
translation traducción
22%
tremendous, dreadful, huge tremendo
22%
wheat trigo
22%
last, final último
22%
to vacillate, hesitate vacilar
22%
surveillance, vigilance vigilancia
22%
to update actualizar
11%
to add, gather agregar
11%
(el) wing, flank ala
11%
to repent, regret arrepentir
11%
to assault asaltar
11%
blockade, block bloqueo
11%
end, bit, llevar a c.: to carry out cabo
11%
tiredness, weariness cansancio
11%
love, affection cariño
11%
joke, funny story chiste
11%
surgery cirugía
11%
remark, comment comentario
11%
comfort, consolation consuelo
11%
choir, chorus coro
11%
broker, corridor, runner corredor
11%
quarters, barracks cuartel
11%
newspaper diario
11%
apology, excuse disculpa
11%
documentary documental
11%
to throw, cast echar
11%
to undertake, embark on emprender
11%
to be very pleasing to encantar
11%
entire, whole, complete entero
11%
time, age, period época
11%
aesthetics estética
11%
to fail, miss fallar
11%
fictitious ficticio
11%
(cutting) edge filo
11%
brilliant, inspired genial
11%
tour gira
11%
inhabitant habitante
11%
to bring together juntar
11%
to move, change mudar
11%
work, book, deed obra
11%
game, match, departure partida
11%
unskilled laborer, field hand peón
11%
piece, part pieza
11%
lead, bullet plomo
11%
to populate, inhabit poblar
11%
to avoid, prevent prevenir
11%
to press, beat, strike, throb pulsar
11%
recognition, acknowledgment reconocimiento
11%
lightning relámpago
11%
to re-establish, restore restablecer
11%
theft, robbery robo
11%
to shake, jolt sacudir
11%
to suspect, suppose sospechar
11%
to substitute, replace sustituir
11%
season, period, time temporada
11%
vice, bad habit, defect vicio
11%
fondness, interest afición
0%
to face, confront afrontar
0%
to wait for, await aguardar
0%
to encourage alentar
0%
to life, raise alzar
0%
longing, yearning anhelo
0%
to hurry up, speed up apresurar
0%
trouble, predicament apuro
0%
disgust asco
0%
attack, raid ataque
0%
to trap, catch atrapar
0%
to investigate, find out averiguar
0%
bond, certificate, voucher bono
0%
to sprout brotar
0%
search, hunt busca
0%
candidacy candidatura
0%
layer, coat capa
0%
affectionate cariñoso
0%
poster cartel
0%
censorship, criticism censura
0%
certainty certeza
0%
commissioner, delegate comisario
0%
composer compositor
0%
specifically, exactly concretamente
0%
advice, council, counsel consejo
0%
outline, perimeter, edge contorno
0%
coexistence, living together convivencia
0%
fulfillment, compliment cumplimiento
0%
to defeat, beat derrotar
0%
to overflow, spill over desbordar
0%
performance, achievement desempeño
0%
movement, removal, displacement desplazamiento
0%
teacher docente
0%
copy, issue ejemplar
0%
production elaboración
0%
[se] to insist on empeñar
0%
to head, lead (off) encabezar
0%
manager, person in charge encargado
0%
to shrink encoger
0%
poll, survey, inquiry encuesta
0%
link, connection, bond enlace
0%
insides, bowels entrañas
0%
premiere, debut estreno
0%
requirement, demand exigencia
0%
to miss, long for extrañar
0%
purpose, aim finalidad
0%
to rub, scrub frotar
0%
funny, charming, amusing gracioso
0%
governmental, gubernamental
0%
essential, indispensable imprescindible
0%
to push, promote, drive impulsar
0%
to influence, affect incidir
0%
unexpected, unforeseen inesperado
0%
lower, inferior inferior
0%
unusual, uncommon insólito
0%
move, play jugada
0%
judgment juicio
0%
striking llamativo
0%
poner de m.: to show manifiesto
0%
mid, middle mediado
0%
drug trafficking narcotráfico
0%
job, occupation, function oficio
0%
native to, originate from originario
0%
brown, dark, dim pardo
0%
semidarkness, twilight penumbra
0%
(baptismal) font, battery, heap pila
0%
(electric) iron, plate, sheet plancha
0%
to propose, present plantear
0%
rear, backside posterior
0%
benefit, lending of service prestación
0%
to rot, decay pudrir
0%
to pick up recoger
0%
to trim, cut off, clip recortar
0%
editing, wording, essay redacción
0%
requirement, request, summons requerimiento
0%
to emphasize resaltar
0%
to resound, ring, echo, resonar
0%
con r. a: regarding respecto
0%
remaining, leftover restante
0%
to burst, puncture reventar
0%
to implore, pray, ask rogar
0%
direction, course, bearing rumbo
0%
to seal, stamp sellar
0%
to release, loosen, let out soltar
0%
to support, hold up sostener
0%
enough suficientemente
0%
to appear, spring (forth) surgir
0%
theoretical teórico
0%
to move, transfer trasladar
0%
to turn/knock over, empty volcar
0%
No matching quizzes found
Score Distribution
Percent of People with Each Score
Percentile by Number Answered
Your Score History
You have not taken this quiz